000
00243nam a22000977a 4500
008
160507b xxu||||| |||| 00| 0 eng d
041
_a
eng
080
_a
61
245
_a
Medical and health annual:
_c
Encyclopeadia Britannica INC;
942
_2
udc
_c
BK
999
_c
1878
_d
1878